000
00210nam a22000977a 4500
003
OSt
008
211204b ||||| |||| 00| 0 eng d
082
_a
519.062
_b
GRE/HI
245
_a
Higher engineering
942
_c
BK
999
_c
17458
_d
17458